El jinete y la fusta /

Bibliographic Details
Main Author: García, Esther M., 1987- (Author)
Format: Electronic eBook
Language:Spanish
Published: Cuenca, Ecuador : Universidad del Azuay, Casa Editora, [2023]
Edition:Primera edición.
Subjects:
Online Access:Digitalia Hispánica

MARC

LEADER 00000nam a2200000Ii 4500
001 DIGUAZUAY0227
003 NyNyDIG
006 m o d
007 cr |||||||||||
008 250103s2023 ec o 000 p spa d
035 |a (OCoLC)1491107458 
040 |a DGITA  |b eng  |e rda  |e pn  |c DGITA 
020 |a 9789942645241  |q eBook 
020 |z 9789942645234 
050 1 4 |a PQ7298.417.A72155 ebook 
100 1 |a García, Esther M.,  |d 1987-  |e author. 
245 1 3 |a El jinete y la fusta /  |c Esther M. García. 
250 |a Primera edición. 
264 1 |a Cuenca, Ecuador :  |b Universidad del Azuay, Casa Editora,  |c [2023] 
300 |a 1 online resource. 
336 |a text  |b txt  |2 rdacontent 
337 |a computer  |b c  |2 rdamedia 
338 |a online resource  |b cr  |2 rdacarrier 
347 |a text file  |2 rdaft 
347 |b PDF 
586 |a Premio Internacional de Poesía Escrita por Mujeres "Ana María Iza", 2023. 
588 0 |a Online resource; title from PDF title page (Digitalia, viewed January 3, 2025) 
655 7 |a Poetry.  |2 lcgft 
791 2 |a Digitalia (Firm),  |e distributor. 
793 0 |g Digitalia eBook Collection:  |a Universidad del Azuay 
776 0 8 |i Print version:  |a García, Esther M., 1987-  |t Jinete y la fusta.  |b Primera edición.  |d Cuenca, Ecuador : Universidad del Azuay, Casa Editora, [2023]  |z 9789942645234 
856 4 0 |3 Digitalia Hispánica  |u https://www.digitaliapublishing.com/a/134016/ 
910 |a Premium collection: 2025